| 000 | 01293nam a22003137a 4500 | ||
|---|---|---|---|
| 008 | 161015s2006 gw||||| |||| 00| 0 eng d | ||
| 020 | _a9783775718639 | ||
| 082 | 0 | 4 |
_a708 _bM498c |
| 100 | 1 |
_aMehretu, Julie. _95615 |
|
| 245 | 1 | 0 |
_aJulie Mehretu : _bblack city / _ccuraduría por Agustín Pérez Rubio ; textos por Lawrence Chua...[et. al.] ; MUSAC (Museo de Arte Contemporáneo de Castilla y León. |
| 246 | 2 |
_aJulie Maheretu : _bciudad negra. |
|
| 250 | _a1a ed. | ||
| 260 |
_aAlemania : _bHatje Cantz Verlag, _c2006. |
||
| 300 |
_a208 p. _bil. col. |
||
| 500 | _aCatálogo publicado con motivo a la exposición "Julie Mehretu", presentada en el MUSAC (Museo de Arte Contemporáneo de Castilla y León, del 23 de setiembre de 2006 al 7 de enero de 2007. | ||
| 653 | 1 | 0 | _aArte contemporáneo |
| 653 | 1 | 0 | _aCatálogo de exhibición |
| 653 | 1 | 0 | _aExhibiciones |
| 653 | 1 | 0 | _aArte - Etiopía |
| 653 | 1 | 0 | _aPintura |
| 653 | 1 | 0 | _aDibujo abstracto |
| 653 | 1 | 0 | _aExhibición itinerante |
| 700 | 1 |
_aPérez Rubio, Agustín. _ecurador. _95616 |
|
| 700 | 1 |
_aChua, Lawrence. _95617 |
|
| 700 | 1 |
_aRabinowitz, Cay Sophie. _95618 |
|
| 700 | 1 |
_aPérez Rubio, Agustín. _95619 |
|
| 700 | 1 |
_aSteinweg, Marcus. _95620 |
|
| 710 | 1 |
_a MUSAC (Museo de Arte Contemporáneo de Castilla y León. _95621 |
|
| 999 |
_c1088 _d1088 |
||